| 000 | 00808nam a2200277Ia 4500 | ||
|---|---|---|---|
| 008 | 181129s9999 xx 000 0 und d | ||
| 020 | _a9781633694118 | ||
| 050 | _a152.4 | ||
| 050 | _bG581 2018 | ||
| 100 | _aGoleman, Daniel | ||
| 245 | 0 | _aEveryday emotional intelligence : | |
| 245 | 0 | _bbig ideas and practical advice on how to be human at work / | |
| 245 | 0 | _cby Daniel Goleman, Annie McKee and Shawn Achor. | |
| 260 | _aBoston, Massachusetts : | ||
| 260 | _bHarvard Business Review Press, | ||
| 260 | _c2018 | ||
| 300 | _a362 pages : | ||
| 300 | _billustrations ; | ||
| 300 | _c21cm. | ||
| 650 | _aEmotional intelligence. | ||
| 650 | _aPsychology, Industry. | ||
| 650 | _aWork -- Psychological aspects. | ||
| 700 | _aAchor, Shawn. | ||
| 700 | _aMcKee, Annie. | ||
| 700 | _aTitle. | ||
| 999 |
_c360170 _d360170 |
||